| 000 | 00541nam a2200133 a 4500 | ||
|---|---|---|---|
| 008 | 120416s1987 ||||||||||||||||| || u | ||
| 050 | _aVM 298 Mar | ||
| 100 | _aRoseman, Donald P | ||
| 245 | 1 | 4 |
_aThe Marad systematic series of full-form ship models _cedited by Donald P. Roseman |
| 260 |
_aJersey City, N.J. _bSNAME _c1987 |
||
| 300 | _avol. (various pagings) : ill | ||
| 350 | _a0.00 | ||
| 995 |
_D0.00 _FCBU-MAIN LIBRARY (Kitwe) _H1 _I11.95 _M1 _UAVAILABLE _ZAnnex Low-Usage Collection |
||
| 999 |
_c50338 _d50338 |
||